|
|
|
|
| LEADER |
01085nam a2200265 a 4500 |
| 001 |
1327529 |
| 008 |
100218s1983 hk ab b 000 0 eng d |
| 020 |
|
|
|a 9971948419
|
| 040 |
|
|
|a NIC
|c NIC
|d BD-DhAAL
|
| 082 |
0 |
0 |
|a 261.8/344
|2 22
|
| 100 |
1 |
|
|a Timm, Richard W.,
|d 1923-
|
| 245 |
1 |
4 |
|a Power relations in rural development :
|b the case of Bangladesh,
|c Richard W. Timm.
|
| 260 |
|
|
|a Kowloon, Hong Kong :
|b Center for the Progress of Peoples,
|c 1983.
|
| 300 |
|
|
|a viii, 64 p. :
|b ill.map
|c 21 cm.
|
| 490 |
0 |
|
|a Development in Asia series ;
|v 8
|
| 504 |
|
|
|a Includes Bibliography (p. 62-64.)
|
| 541 |
1 |
|
|e 00002855
|
| 650 |
|
0 |
|a Rural development
|z Bangladesh.
|
| 650 |
|
0 |
|a Rural poor
|z Bangladesh.
|
| 651 |
|
0 |
|a Bangladesh
|x Rural conditions.
|
| 710 |
2 |
|
|a Center for the Progress of Peoples.
|
| 830 |
0 |
|
|a Development in Asia series ;
|v 8
|
| 852 |
4 |
|
|a Ayesha Abed Library
|j General shelf
|
| 999 |
|
|
|c 7623
|d 7623
|
| 952 |
|
|
|0 0
|1 0
|2 ddc
|4 0
|6 261_834400000000000_TIM_1983
|7 0
|9 8330
|a BRACUL
|b BRACUL
|c GEN
|d 2010-02-22
|g 220.00
|l 1
|o 261.8344 TIM
|p 3010002855
|r 2011-06-29
|s 2011-06-20
|t 1
|w 2010-02-22
|y BK
|